Lulu and the caterpillars / (Record no. 6874)

MARC details
000 -LEADER
fixed length control field 01346nam a22003017a 4500
001 - CONTROL NUMBER
control field 6874
003 - CONTROL NUMBER IDENTIFIER
control field FISKH
005 - DATE AND TIME OF LATEST TRANSACTION
control field 20250826143309.0
008 - FIXED-LENGTH DATA ELEMENTS--GENERAL INFORMATION
fixed length control field 250604b cb ||||| |||| 00| 0 eng d
020 ## - INTERNATIONAL STANDARD BOOK NUMBER
International Standard Book Number 9781407138817
040 ## - CATALOGING SOURCE
Original cataloging agency FISKH
Language of cataloging eng
Transcribing agency FISKH
Modifying agency FISKH
050 ## - LIBRARY OF CONGRESS CALL NUMBER
Classification number PZ7.
082 ## - DEWEY DECIMAL CLASSIFICATION NUMBER
Classification number 823.92
100 ## - MAIN ENTRY--PERSONAL NAME
Personal name Mckay, Hilary
Dates associated with a name (1959-)
245 ## - TITLE STATEMENT
Title Lulu and the caterpillars /
Statement of responsibility, etc. Hilary Mckay ; Illustrated by Priscilla Lamont
250 ## - EDITION STATEMENT
Edition statement This edition first published in 2014
260 ## - PUBLICATION, DISTRIBUTION, ETC.
Place of publication, distribution, etc. London :
Name of publisher, distributor, etc. Scholastic,
Date of publication, distribution, etc. 2014
300 ## - PHYSICAL DESCRIPTION
Extent 41 pages :
Other physical details color illustrations ;
Dimensions 19 cm
505 ## - FORMATTED CONTENTS NOTE
Formatted contents note G<br/>
520 ## - SUMMARY, ETC.
Summary, etc. Get ready to read! LITTLE RED ROBINS are ideal for sharing and reading together. Full colour illustrations throughout. Lulu loves animals. All sorts of animals. Huge ones like elephants. Small ones like ladybirds. Dangly ones, climbing ones, furry ones, even flying ones. When Lulu finds twenty-seven unwanted caterpillars in some nettles, she takes them all home to look after. She's especially excited because she knows that soon the caterpillars will turn into beautiful butterflies.<br/>
521 8# - TARGET AUDIENCE NOTE
Target audience note 380<br/>
Source Lexile<br/>
521 8# - TARGET AUDIENCE NOTE
Target audience note G<br/>
Source Raz-Plus<br/>
650 ## - SUBJECT ADDED ENTRY--TOPICAL TERM
Source of heading or term Junior Fiction
Topical term or geographic name entry element Reading together
650 ## - SUBJECT ADDED ENTRY--TOPICAL TERM
Source of heading or term Caterpillars
Topical term or geographic name entry element Ladybirds
700 ## - ADDED ENTRY--PERSONAL NAME
Personal name Lamont, Priscilla
Dates associated with a name illustrator
942 ## - ADDED ENTRY ELEMENTS (KOHA)
Source of classification or shelving scheme Dewey Decimal Classification
Koha item type Books
Suppress in OPAC No
Holdings
Withdrawn status Lost status Source of classification or shelving scheme Damaged status Not for loan Collection Home library Current library Shelving location Date acquired Total Checkouts Full call number Barcode Date last seen Copy number Price effective from Koha item type
    Dewey Decimal Classification     Juvenile Fiction Footprints International School Library Network Toul Tom Poung Campus Footprints International School Library Network Toul Tom Poung Campus TTP Primary Dark Blue Bookshelves 06/04/2025   MCK 823.92 PZ7 2025-1474 06/04/2025 1 06/04/2025 Books
    Dewey Decimal Classification     Juvenile Fiction Footprints International School Library Network Toul Tom Poung Campus Footprints International School Library Network Toul Tom Poung Campus TTP Primary Dark Blue Bookshelves 08/26/2025   MCK 823.92 PZ7 FISBK05882 08/26/2025 2 08/26/2025 Books